000 00523nam a2200181Ia 4500
005 20250508153303.0
008 008 250505s9999 xx 000 0 eng d
037 _aTextual
040 _aFEDL
_beng
_cFEDL
041 _aeng
_2eng
084 _a372.06, IND
_qFEDL
245 0 _aReport of third national seminar on compulsory primary education at Hyderabad
245 0 _cIndia, Education. (Ministry of-)
260 _c1963
300 _a89p.
942 _cTEXL
_h372.06, IND
999 _c1341749
_d1341749